000 00464nam a22001817a 4500
999 _c3544
_d3544
003 GBCCL
005 20241126110457.0
008 171129b xxu||||| |||| 00| 0 eng d
020 _a978-0-9626908-0-8
040 _cgbc
082 _a248
_bWEB
100 _aWeber, Malcolm
_97088
245 _aTo enjoy Him forever /
_cMalcolm Webber
260 _aElkhart:
_bStrategic Press,
_c1991
300 _a152p.;
_c23 cm.
650 _aChristian life
_9183
942 _2ddc
_cBK